Marcos Ramírez

Na minha lista:
Detalhes bibliográficos
Autor principal: Fallas, Carlos Luis
Formato: Livro
Idioma:Undetermined
Publicado em: San José, Costa Rica Editorial Costa Rica 2000
Assuntos:
Tags: Adicionar Tag
Sem tags, seja o primeiro a adicionar uma tag!

MARC

LEADER 00000nam a2200000Ia 4500
008 170316s9999 xx 000 0 und d
040 |a cru BVZT 
090 |a 868 F-2mr 
100 |a Fallas, Carlos Luis 
245 |a Marcos Ramírez 
260 |a San José, Costa Rica 
260 |b Editorial Costa Rica 
260 |c 2000 
300 |a 320 páginas 
650 |a LITERATURA COSTARRICENSE 
650 |a NOVELA 
942 0 0 |0 1 
999 |c 11036  |d 11036